000
00271nam a22001097a 4500
008
160422b xxu||||| |||| 00| 0 eng d
020
_a
9780803627789
041
_a
eng
080
_a
618.2
245
_a
Basic nursing:
_c
Leslie S. Treas; Judith M.Wilkinson;
942
_2
udc
_c
BK
999
_c
1506
_d
1506